000
00212nam a22000857a 4500
008
160711b xxu||||| |||| 00| 0 eng d
100
_9
2536
_a
Cheyney, J
245
_a
Captive's Promise
260
_a
MI
_b
Zondervan
_c
1988
999
_c
2202
_d
2202